| 000 | 00683nam a2200229 a 4500 | ||
|---|---|---|---|
| 001 | 63564 | ||
| 003 | BD-RjUL | ||
| 005 | 20211209081218.0 | ||
| 008 | 170131r19671933nyu 001 0 eng | ||
| 035 | _a(BD-RjUL)63693 | ||
| 040 |
_aDLC _cDLC _dBD-RjUL _beng |
||
| 041 | _aeng | ||
| 082 | 0 | 0 |
_a809 _223 _bLEA 1967 |
| 100 | 1 |
_aLeavis, F. R. _q(Frank Raymond), _d1895-1978. _9187156 |
|
| 245 | 1 | 0 |
_aAnna Karenina, and other essays / _cby F. R. Leavis. |
| 260 |
_aNew York : _bPantheon Books, _c1933, c1967 |
||
| 300 |
_a248 p. ; _c22 cm. |
||
| 500 | _aIncludes index. | ||
| 650 | 0 |
_aEnglish literature _9185724 |
|
| 650 | 0 |
_aLiterature _xHistory and criticism. _9186015 |
|
| 942 |
_2ddc _cBK |
||
| 999 |
_c63564 _d63564 |
||